| 000 | 00664nam a2200205 i 4500 | ||
|---|---|---|---|
| 001 | 57899 | ||
| 003 | ES-MaACL | ||
| 005 | 20230906163657.0 | ||
| 007 | t| | ||
| 008 | 031020s1971 sp ||||1| spa d | ||
| 100 | 1 |
_aDongier, Maurice. _945317 |
|
| 245 | 1 | 0 |
_aNeurosis y trastornos psicomáticos / _cMaurice Dongier ; [lo tradujo Humberto Mesones Arroyo]. |
| 260 |
_aMadrid : _bGuadarrama, _c[1971] |
||
| 300 |
_a315 p. ; _c19 cm. |
||
| 490 | 1 |
_aPsicología y ciencias humanas ; _v8 |
|
| 700 | 1 |
_aMesones Arroyo, Humberto. _980675 |
|
| 830 | 0 |
_aPsicología y ciencias humanas ; _v8 _9182632 |
|
| 852 |
_aES-MaACL _jC-40229 _bR.76592 |
||
| 999 |
_c57899 _d57899 |
||